| 000 | 00422nam a2200157 a 4500 | ||
|---|---|---|---|
| 001 | 1160 | ||
| 003 | CDMR | ||
| 005 | 20131003130155.0 | ||
| 008 | 130130s1987||||||||||||||||||||||||||||d | ||
| 020 | _a0312005911 | ||
| 040 |
_aCDMR _bcat _cCDMR |
||
| 100 | 1 |
_aPaper, Lewis J. _9909 |
|
| 245 | 1 | 0 |
_aEmpire _b: William S. Paley and the making of CBS _cLewis J. Paper |
| 260 |
_aNew York _c1987 _bSt. Martin's Press |
||
| 942 |
_cMON _2udc |
||
| 999 |
_c1160 _d1160 |
||